| 000 | 00412cam a2200157ua 4500 | ||
|---|---|---|---|
| 003 | OSt | ||
| 008 | 241111b |||||||| |||| 00| 0 eng d | ||
| 082 |
_a631.587 _bPRI/FO |
||
| 100 |
_aPriyani, V. B . _91801 |
||
| 245 | _aFundamental principles of irrigation and water power / | ||
| 250 | _a7 / | ||
| 260 |
_aAnand : _bCharotar Publishing House , _c1967. |
||
| 300 | _a760 ; . | ||
| 500 | _a*CSS | ||
| 942 | _cBK | ||
| 999 |
_c3087 _d3087 |
||